QUENCHING AND MARTEMPERING (Record no. 585545)
[ view plain ]
| 000 -LEADER | |
|---|---|
| fixed length control field | 00244nam a22001097a 4500 |
| 082 ## - DEWEY DECIMAL CLASSIFICATION NUMBER | |
| Classification number | 671.36 QUE'A |
| 100 ## - MAIN ENTRY--PERSONAL NAME | |
| Personal name | ASM COMMITTES |
| 9 (RLIN) | 80650 |
| 245 ## - TITLE STATEMENT | |
| Title | QUENCHING AND MARTEMPERING |
| 260 ## - PUBLICATION, DISTRIBUTION, ETC. | |
| Place of publication, distribution, etc. | OHIO (USA) |
| Name of publisher, distributor, etc. | ASM |
| Date of publication, distribution, etc. | 1964 |
| 300 ## - PHYSICAL DESCRIPTION | |
| Extent | 277P |
| 942 ## - ADDED ENTRY ELEMENTS (KOHA) | |
| Koha item type | Book |
| Withdrawn status | Lost status | Damaged status | Not for loan | Permanent Location | Current Location | Shelving location | Date acquired | Total Checkouts | Full call number | Barcode | Date last seen | Price effective from | Koha item type |
|---|---|---|---|---|---|---|---|---|---|---|---|---|---|
| College of Electrical & Mechanical Engineering (CEME) | College of Electrical & Mechanical Engineering (CEME) | General Stacks | 07/10/2017 | 671.36 QUE'A | CEME-4885 | 06/28/2021 | 06/28/2021 | Book |
